000 00460cam a22001097a 4500
008 180718b1919 xxu||||| |||| 00| 0 eng d
082 _aO11x54 In2
245 _aReport of the committee appointed by the Government of India to examine the question of the re-organization of the medical services in India
_cby Medical Services Committee
260 _aSimla
_bGovernment Central Press
_c1919
300 _a98p.
700 _aHimachal Pradesh. Medical Services Committee
999 _c494053
_d494053